| 000 | 006140000a22001690004500 | ||
|---|---|---|---|
| 090 |
_aAR _b02386 |
||
| 245 | 1 | 0 | _aBreve recorrido por el proyecto Chicamocha: memorias de la primera jornada pedagogica primer día |
| 650 | 1 | 4 |
_aDesarrollo regional _993588 |
| 650 | 1 | 4 |
_aCampesinos _94773 |
| 650 | 1 | 4 |
_aUso sostenible _9344 |
| 650 | 1 | 4 |
_aGestión ambiental _992206 |
| 651 | 4 |
_lRío Chicamocha _dBoyacá _pColombia _992749 |
|
| 041 | 0 | _aEspañol | |
| 110 | 1 |
_aInstituto de Estudios Ambientales para el Desarrollo _sIDEADE _918767 |
|
| 942 | _cARTICULO | ||
| 773 | 1 |
_tSerie Conservación y Producción _31228 _h236 _q1-17 _d1998 |
|
| 999 |
_c11457 _d11457 |
||